000 00629nam a22001697a 4500
008 140121t mx||||| |||| 00| 0 spa d
020 _a9707124814
050 0 4 _aKKT2620.T9
_bP47 2005
100 1 _aPérez Tremps, Pablo
245 1 0 _aTribunal constitucional y tribunales ordinarios: perspectivas del sistema de justicia constitucional en España /
_cPablo Pérez Tremps.
250 _a1a ed.
260 _aMéxico :
_bSuprema Corte de Justicia de la Nación,
_c2005
300 _a42 p. ;
_c21 cm.
490 0 _a10 Años de la Novena Época. Discursos
650 7 _2Lemb
_aTribunales constitucionales
_zEspaña
942 _2ddc
_cLIB
999 _c47763
_d47763